[Event "V Open Escacs Xàtiva"]
[Site "Xàtiva, Spain"]
[Date "2019.07.18"]
[Round "5.18"]
[White "Gukasov, Yuriy"]
[Black "Frances Torres, Marc"]
[Result "1-0"]
[WhiteElo "1290"]
[BlackElo "915"]
[PlyCount "79"]
[EventDate "2019.??.??"]

1. e4 {[%clk 01:30:24]  [%emt 00:00:36]} 1... e5 {
[%clk 01:24:32]  [%emt 00:06:28]} 2. Nf3 {[%clk 01:30:19]  [%emt 00:00:35]}
2... Nc6 {[%clk 01:24:22]  [%emt 00:00:39]} 3. Bb5 {
[%clk 01:30:36]  [%emt 00:00:13]} 3... Nge7 {[%clk 01:23:37]  [%emt 00:01:19]}
4. c3 {[%clk 01:25:38]  [%emt 00:05:24]} 4... d5 {
[%clk 01:20:15]  [%emt 00:03:53]} 5. Nxe5 {[%emt 00:04:22]} 5... Bd7 {
[%emt 00:06:09]} 6. Nxd7 {[%clk 01:18:27]  [%emt 00:01:35]} 6... Qxd7 {
[%clk 01:16:19]  [%emt 00:01:03]} 7. e5 {[%clk 01:17:09]  [%emt 00:01:49]} 7...
a6 {[%clk 01:11:55]  [%emt 00:04:49]} 8. Bxc6 {[%clk 01:15:54]  [%emt 00:01:45]
} 8... Nxc6 {[%clk 01:09:55]  [%emt 00:02:35]} 9. d4 {
[%clk 01:15:34]  [%emt 00:00:45]} 9... Be7 {[%clk 01:04:39]  [%emt 00:05:59]}
10. O-O {[%clk 01:15:19]  [%emt 00:00:37]} 10... Qf5 {
[%clk 00:59:57]  [%emt 00:05:08]} 11. f4 {[%clk 01:11:27]  [%emt 00:04:22]}
11... O-O {[%clk 00:58:13]  [%emt 00:02:14]} 12. Qb3 {
[%clk 01:10:36]  [%emt 00:01:20]} 12... Rad8 {[%clk 00:57:19]  [%emt 00:01:25]}
13. Qxb7 {[%clk 01:09:47]  [%emt 00:01:18]} 13... Qd7 {
[%clk 00:50:14]  [%emt 00:07:39]} 14. Qxa6 {[%clk 01:08:42]  [%emt 00:01:32]}
14... Ra8 {[%clk 00:49:26]  [%emt 00:01:17]} 15. Qe2 {
[%clk 01:08:10]  [%emt 00:01:07]} 15... Na5 {[%clk 00:47:30]  [%emt 00:02:21]}
16. b3 {[%clk 01:03:45]  [%emt 00:04:55]} 16... c5 {
[%clk 00:45:44]  [%emt 00:02:21]} 17. Nd2 {[%clk 00:58:39]  [%emt 00:05:31]}
17... cxd4 {[%clk 00:42:54]  [%emt 00:03:24]} 18. cxd4 {
[%clk 00:57:37]  [%emt 00:01:31]} 18... Nc6 {[%clk 00:41:53]  [%emt 00:01:28]}
19. Qd3 {[%clk 00:56:21]  [%emt 00:01:45]} 19... Qa7 {
[%clk 00:41:20]  [%emt 00:01:07]} 20. Nf3 {[%clk 00:56:02]  [%emt 00:00:44]}
20... Rab8 {[%clk 00:39:57]  [%emt 00:01:52]} 21. Bb2 {
[%clk 00:53:59]  [%emt 00:02:39]} 21... Rb4 {[%clk 00:35:27]  [%emt 00:04:56]}
22. a3 {[%clk 00:51:51]  [%emt 00:02:43]} 22... Rb7 {
[%clk 00:32:43]  [%emt 00:03:11]} 23. b4 {[%clk 00:48:14]  [%emt 00:04:33]}
23... Rc8 {[%clk 00:27:23]  [%emt 00:05:26]} 24. Qf5 {
[%clk 00:45:33]  [%emt 00:03:12]} 24... Rbc7 {[%clk 00:26:23]  [%emt 00:01:27]}
25. Ng5 {[%clk 00:40:00]  [%emt 00:06:06]} 25... Bxg5 {
[%clk 00:23:53]  [%emt 00:02:56]} 26. Qxg5 {[%clk 00:40:00]  [%emt 00:00:34]}
26... Nxd4 {[%clk 00:22:32]  [%emt 00:01:52]} 27. Kh1 {
[%clk 00:39:23]  [%emt 00:01:03]} 27... Nc2 {[%clk 00:22:04]  [%emt 00:00:57]}
28. Ra2 {[%clk 00:33:27]  [%emt 00:06:26]} 28... Ne3 {
[%clk 00:20:47]  [%emt 00:01:51]} 29. Re1 {[%clk 00:27:36]  [%emt 00:06:17]}
29... Nc4 {[%clk 00:13:08]  [%emt 00:08:10]} 30. f5 {
[%clk 00:26:15]  [%emt 00:01:54]} 30... Nxb2 {[%clk 00:10:19]  [%emt 00:03:14]}
31. f6 {[%clk 00:24:12]  [%emt 00:02:37]} 31... Kf8 {
[%clk 00:09:19]  [%emt 00:01:27]} 32. Qxg7+ {[%clk 00:22:55]  [%emt 00:01:46]}
32... Ke8 {[%clk 00:09:14]  [%emt 00:00:43]} 33. Qg8+ {
[%clk 00:23:07]  [%emt 00:00:10]} 33... Kd7 {[%clk 00:09:19]  [%emt 00:00:30]}
34. Qxf7+ {[%clk 00:22:28]  [%emt 00:01:09]} 34... Kc6 {
[%clk 00:06:58]  [%emt 00:02:52]} 35. Qe6+ {[%clk 00:22:27]  [%emt 00:00:26]}
35... Kb7 {[%clk 00:06:52]  [%emt 00:00:43]} 36. Qxd5+ {
[%clk 00:22:09]  [%emt 00:00:51]} 36... Kb8 {[%clk 00:06:12]  [%emt 00:00:59]}
37. Rxb2 {[%clk 00:21:23]  [%emt 00:01:17]} 37... Rc1 {
[%clk 00:05:00]  [%emt 00:01:42]} 38. Rb1 {[%clk 00:19:33]  [%emt 00:02:21]}
38... Qb7 {[%clk 00:03:52]  [%emt 00:01:38]} 39. Qxb7+ {
[%clk 00:19:38]  [%emt 00:00:24]} 39... Kxb7 {[%clk 00:04:04]  [%emt 00:00:19]}
40. Rbxc1 {[%clk 00:19:54]  [%emt 00:00:14]} 1-0

[Event "V Open Escacs Xàtiva"]
[Site "Xàtiva, Spain"]
[Date "2019.07.18"]
[Round "6.1"]
[White "Martinez Peiro, Gabriel"]
[Black "Cruz Lledo, Pablo"]
[Result "0-1"]
[WhiteElo "1965"]
[BlackElo "2442"]
[PlyCount "116"]
[EventDate "2019.??.??"]

1. d4 {[%clk 01:30:55]  [%emt 00:00:03]} 1... d5 {
[%clk 01:28:23]  [%emt 00:02:37]} 2. c4 {[%clk 01:31:19]  [%emt 00:00:06]} 2...
dxc4 {[%clk 01:27:37]  [%emt 00:01:17]} 3. Nf3 {
[%clk 01:31:38]  [%emt 00:00:11]} 3... c5 {[%clk 01:28:04]  [%emt 00:00:04]} 4.
e3 {[%clk 01:30:30]  [%emt 00:01:37]} 4... cxd4 {
[%clk 01:28:27]  [%emt 00:00:07]} 5. exd4 {[%clk 01:30:21]  [%emt 00:00:39]}
5... Be6 {[%clk 01:28:50]  [%emt 00:00:07]} 6. Na3 {
[%clk 01:25:45]  [%emt 00:05:06]} 6... Nc6 {[%clk 01:28:01]  [%emt 00:01:19]}
7. Nxc4 {[%clk 01:14:17]  [%emt 00:11:58]} 7... Nf6 {
[%clk 01:28:15]  [%emt 00:00:16]} 8. Be2 {[%clk 01:12:35]  [%emt 00:02:11]}
8... g6 {[%clk 01:26:02]  [%emt 00:02:44]} 9. O-O {
[%clk 01:12:11]  [%emt 00:00:54]} 9... Bg7 {[%clk 01:26:28]  [%emt 00:00:04]}
10. Nce5 {[%clk 01:09:02]  [%emt 00:03:39]} 10... O-O {
[%clk 01:24:03]  [%emt 00:02:55]} 11. Qa4 {[%clk 01:01:13]  [%emt 00:08:19]}
11... Bd5 {[%clk 01:23:30]  [%emt 00:01:03]} 12. Rd1 {
[%clk 00:55:43]  [%emt 00:06:00]} 12... Qb6 {[%clk 01:17:23]  [%emt 00:06:37]}
13. Bd2 {[%clk 00:45:24]  [%emt 00:10:49]} 13... Rfd8 {
[%clk 01:13:25]  [%emt 00:04:28]} 14. Nxc6 {[%clk 00:36:20]  [%emt 00:09:34]}
14... Bxc6 {[%clk 01:12:22]  [%emt 00:01:34]} 15. Qa3 {
[%clk 00:35:03]  [%emt 00:01:47]} 15... a5 {[%clk 01:11:44]  [%emt 00:01:08]}
16. Ne5 {[%clk 00:31:31]  [%emt 00:04:02]} 16... Bd5 {
[%clk 01:10:01]  [%emt 00:02:13]} 17. Be3 {[%clk 00:29:00]  [%emt 00:03:00]}
17... Qe6 {[%clk 00:59:11]  [%emt 00:11:20]} 18. Rac1 {
[%clk 00:25:15]  [%emt 00:04:16]} 18... Nd7 {[%clk 00:53:35]  [%emt 00:06:05]}
19. Nd3 {[%clk 00:20:23]  [%emt 00:05:22]} 19... g5 {
[%clk 00:49:01]  [%emt 00:05:05]} 20. Nc5 {[%clk 00:18:25]  [%emt 00:02:28]}
20... Nxc5 {[%clk 00:48:00]  [%emt 00:01:32]} 21. dxc5 {
[%clk 00:18:11]  [%emt 00:00:44]} 21... a4 {[%clk 00:45:25]  [%emt 00:03:05]}
22. Bf1 {[%clk 00:09:50]  [%emt 00:08:50]} 22... h6 {
[%clk 00:43:02]  [%emt 00:02:53]} 23. Qb4 {[%clk 00:06:05]  [%emt 00:04:16]}
23... Bc6 {[%clk 00:37:48]  [%emt 00:05:45]} 24. Bd4 {
[%clk 00:03:25]  [%emt 00:03:10]} 24... Qg4 {[%clk 00:35:41]  [%emt 00:02:36]}
25. Bc3 {[%clk 00:01:57]  [%emt 00:01:59]} 25... Qxd1 {
[%clk 00:30:21]  [%emt 00:05:50]} 26. Rxd1 {[%clk 00:02:18]  [%emt 00:00:08]}
26... Rxd1 {[%clk 00:30:49]  [%emt 00:00:02]} 27. Bxg7 {
[%clk 00:01:26]  [%emt 00:01:21]} 27... Kxg7 {[%clk 00:31:11]  [%emt 00:00:09]}
28. f3 {[%clk 00:01:45]  [%emt 00:00:11]} 28... Rad8 {
[%clk 00:31:12]  [%emt 00:00:29]} 29. Kf2 {[%clk 00:01:47]  [%emt 00:00:28]}
29... e5 {[%clk 00:30:01]  [%emt 00:01:41]} 30. Be2 {
[%clk 00:01:47]  [%emt 00:00:30]} 30... R1d4 {[%clk 00:29:56]  [%emt 00:00:35]}
31. Qc3 {[%clk 00:01:39]  [%emt 00:00:38]} 31... f5 {
[%clk 00:30:02]  [%emt 00:00:24]} 32. Qa5 {[%clk 00:01:28]  [%emt 00:00:41]}
32... Kf6 {[%clk 00:27:21]  [%emt 00:03:12]} 33. Qc7 {[%emt 00:00:32]} 33...
R4d7 {[%clk 00:27:25]  [%emt 00:00:15]} 34. Qa5 {
[%clk 00:01:34]  [%emt 00:00:32]} 34... f4 {[%clk 00:27:47]  [%emt 00:00:08]}
35. b4 {[%clk 00:00:53]  [%emt 00:01:12]} 35... axb3 {
[%clk 00:27:22]  [%emt 00:00:54]} 36. axb3 {[%clk 00:01:10]  [%emt 00:00:13]}
36... e4 {[%clk 00:24:04]  [%emt 00:03:48]} 37. fxe4 {
[%clk 00:01:02]  [%emt 00:00:39]} 37... Bxe4 {[%clk 00:24:24]  [%emt 00:00:09]}
38. Qc3+ {[%clk 00:00:52]  [%emt 00:00:38]} 38... Rd4 {
[%clk 00:24:27]  [%emt 00:00:28]} 39. Qh3 {[%clk 00:00:46]  [%emt 00:00:36]}
39... Bg6 {[%clk 00:20:23]  [%emt 00:04:34]} 40. Qxh6 {
[%clk 00:00:55]  [%emt 00:00:22]} 40... Rd2 {[%clk 00:19:22]  [%emt 00:01:31]}
41. h4 {[%clk 00:01:04]  [%emt 00:00:21]} 41... Re8 {
[%clk 00:18:22]  [%emt 00:01:30]} 42. Qxg5+ {[%clk 00:01:07]  [%emt 00:00:27]}
42... Kg7 {[%clk 00:18:35]  [%emt 00:00:17]} 43. h5 {
[%clk 00:00:32]  [%emt 00:01:05]} 43... Rexe2+ {
[%clk 00:17:30]  [%emt 00:01:36]} 44. Kf1 {[%clk 00:00:50]  [%emt 00:00:12]}
44... Rf2+ {[%clk 00:17:26]  [%emt 00:00:33]} 45. Ke1 {
[%clk 00:01:16]  [%emt 00:00:04]} 45... Rde2+ {[%clk 00:17:35]  [%emt 00:00:21]
} 46. Kd1 {[%clk 00:01:36]  [%emt 00:00:10]} 46... Rxg2 {
[%clk 00:17:44]  [%emt 00:00:21]} 47. h6+ {[%clk 00:01:00]  [%emt 00:01:06]}
47... Kh7 {[%clk 00:17:43]  [%emt 00:00:32]} 48. Qf6 {
[%clk 00:01:17]  [%emt 00:00:13]} 48... Bc2+ {[%clk 00:12:43]  [%emt 00:05:29]}
49. Kc1 {[%clk 00:01:29]  [%emt 00:00:18]} 49... Bxb3 {
[%clk 00:12:27]  [%emt 00:00:46]} 50. Qf5+ {[%clk 00:01:24]  [%emt 00:00:34]}
50... Kxh6 {[%clk 00:12:52]  [%emt 00:00:06]} 51. Qxf4+ {
[%clk 00:01:43]  [%emt 00:00:11]} 51... Kh5 {[%clk 00:13:12]  [%emt 00:00:11]}
52. Qf5+ {[%clk 00:00:50]  [%emt 00:01:23]} 52... Kh4 {
[%clk 00:13:36]  [%emt 00:00:05]} 53. Qf4+ {[%clk 00:01:08]  [%emt 00:00:12]}
53... Kh3 {[%clk 00:13:58]  [%emt 00:00:09]} 54. Qf3+ {
[%clk 00:00:37]  [%emt 00:01:01]} 54... Kh2 {[%clk 00:14:22]  [%emt 00:00:05]}
55. Qf4+ {[%clk 00:00:48]  [%emt 00:00:20]} 55... Kh1 {
[%clk 00:14:21]  [%emt 00:00:31]} 56. Qh4+ {[%clk 00:00:53]  [%emt 00:00:25]}
56... Rh2 {[%clk 00:14:39]  [%emt 00:00:11]} 57. Qb4 {
[%clk 00:00:31]  [%emt 00:00:52]} 57... Rc2+ {[%clk 00:14:13]  [%emt 00:00:56]}
58. Kb1 {[%clk 00:00:41]  [%emt 00:00:20]} 58... Ba2+ {[%emt 00:01:22]} 0-1

[Event "V Open Escacs Xàtiva"]
[Site "Xàtiva, Spain"]
[Date "2019.07.18"]
[Round "6.2"]
[White "Gomar Juan, Miguel"]
[Black "Iagar, Razvan-Gabriel"]
[Result "0-1"]
[WhiteElo "1779"]
[BlackElo "2138"]
[PlyCount "64"]
[EventDate "2019.??.??"]

1. d4 {[%clk 01:30:57]  [%emt 00:00:02]} 1... d5 {
[%clk 01:30:58]  [%emt 00:00:03]} 2. c4 {[%clk 01:31:18]  [%emt 00:00:08]} 2...
c6 {[%clk 01:31:25]  [%emt 00:00:03]} 3. cxd5 {[%clk 01:31:27]  [%emt 00:00:22]
} 3... cxd5 {[%clk 01:31:50]  [%emt 00:00:05]} 4. Nf3 {
[%clk 01:31:23]  [%emt 00:00:34]} 4... Nc6 {[%clk 01:32:03]  [%emt 00:00:17]}
5. Nc3 {[%clk 01:30:00]  [%emt 00:01:53]} 5... Nf6 {
[%clk 01:32:24]  [%emt 00:00:09]} 6. Bf4 {[%clk 01:27:41]  [%emt 00:02:47]}
6... Bf5 {[%clk 01:32:35]  [%emt 00:00:19]} 7. e3 {
[%clk 01:24:44]  [%emt 00:03:27]} 7... e6 {[%clk 01:32:32]  [%emt 00:00:34]} 8.
Bd3 {[%clk 01:24:09]  [%emt 00:01:05]} 8... Bxd3 {
[%clk 01:29:55]  [%emt 00:03:07]} 9. Qxd3 {[%clk 01:24:28]  [%emt 00:00:11]}
9... Be7 {[%clk 01:24:35]  [%emt 00:05:50]} 10. O-O {
[%clk 01:22:46]  [%emt 00:02:12]} 10... Nh5 {[%clk 01:23:36]  [%emt 00:01:29]}
11. Ne5 {[%clk 01:19:38]  [%emt 00:03:37]} 11... Nxf4 {
[%clk 01:21:02]  [%emt 00:03:05]} 12. exf4 {[%clk 01:19:40]  [%emt 00:00:27]}
12... Qb6 {[%clk 01:18:38]  [%emt 00:02:55]} 13. Qb5 {
[%clk 01:14:47]  [%emt 00:05:22]} 13... Qxb5 {[%clk 01:16:43]  [%emt 00:02:27]}
14. Nxb5 {[%clk 01:15:00]  [%emt 00:00:16]} 14... O-O {
[%clk 01:15:28]  [%emt 00:01:45]} 15. Nxc6 {[%clk 01:13:18]  [%emt 00:02:13]}
15... bxc6 {[%clk 01:15:56]  [%emt 00:00:02]} 16. Nc3 {
[%clk 01:11:59]  [%emt 00:01:49]} 16... Rab8 {[%clk 01:15:57]  [%emt 00:00:28]}
17. b3 {[%emt 00:03:28]} 17... Bf6 {[%clk 01:14:58]  [%emt 00:01:27]} 18. Rad1
{[%clk 01:04:24]  [%emt 00:05:09]} 18... c5 {[%clk 01:12:15]  [%emt 00:03:13]}
19. Ne2 {[%clk 01:02:38]  [%emt 00:02:16]} 19... cxd4 {
[%clk 01:10:19]  [%emt 00:02:26]} 20. Nxd4 {[%clk 01:02:11]  [%emt 00:00:56]}
20... Rfc8 {[%clk 01:10:16]  [%emt 00:00:32]} 21. Nf3 {
[%clk 00:59:22]  [%emt 00:03:20]} 21... Rc2 {[%clk 01:08:44]  [%emt 00:02:03]}
22. Rd2 {[%clk 00:44:25]  [%emt 00:15:26]} 22... Rbc8 {
[%clk 01:08:50]  [%emt 00:00:24]} 23. a3 {[%clk 00:40:37]  [%emt 00:04:18]}
23... R2c3 {[%clk 01:07:28]  [%emt 00:01:53]} 24. Ne5 {
[%clk 00:33:01]  [%emt 00:08:06]} 24... Rxb3 {[%clk 01:03:05]  [%emt 00:04:53]}
25. Ra2 {[%clk 00:32:26]  [%emt 00:01:04]} 25... a5 {
[%clk 00:59:35]  [%emt 00:04:01]} 26. a4 {[%clk 00:32:37]  [%emt 00:00:18]}
26... Rb4 {[%clk 00:57:14]  [%emt 00:02:50]} 27. g3 {
[%clk 00:32:02]  [%emt 00:01:05]} 27... Bxe5 {[%clk 00:56:55]  [%emt 00:00:50]}
28. fxe5 {[%clk 00:32:30]  [%emt 00:00:02]} 28... Rcc4 {
[%clk 00:57:18]  [%emt 00:00:06]} 29. Rfa1 {[%clk 00:32:18]  [%emt 00:00:42]}
29... g5 {[%clk 00:57:36]  [%emt 00:00:12]} 30. f3 {
[%clk 00:31:24]  [%emt 00:01:23]} 30... Kg7 {[%clk 00:53:55]  [%emt 00:04:12]}
31. Ra3 {[%clk 00:30:21]  [%emt 00:01:34]} 31... Rc2 {
[%clk 00:53:45]  [%emt 00:00:40]} 32. R1a2 {[%clk 00:29:41]  [%emt 00:01:11]}
32... Rb1# {[%emt 00:00:12]} 0-1

[Event "V Open Escacs Xàtiva"]
[Site "Xàtiva, Spain"]
[Date "2019.07.18"]
[Round "6.3"]
[White "Hernandez Lopez, Alberto"]
[Black "Sancho Ferrer, Juan Vicente"]
[Result "1-0"]
[WhiteElo "2038"]
[BlackElo "1898"]
[PlyCount "49"]
[EventDate "2019.??.??"]

1. d4 {[%clk 01:30:58]  [%emt 00:00:02]} 1... f5 {
[%clk 01:30:51]  [%emt 00:00:09]} 2. Nc3 {[%clk 01:31:24]  [%emt 00:00:04]}
2... d5 {[%clk 01:31:03]  [%emt 00:00:17]} 3. Bf4 {
[%clk 01:31:23]  [%emt 00:00:31]} 3... Nf6 {[%clk 01:29:58]  [%emt 00:01:36]}
4. e3 {[%clk 01:30:50]  [%emt 00:01:03]} 4... c6 {
[%clk 01:29:46]  [%emt 00:00:41]} 5. Bd3 {[%clk 01:31:02]  [%emt 00:00:18]}
5... e6 {[%clk 01:29:39]  [%emt 00:00:38]} 6. Nf3 {
[%clk 01:31:17]  [%emt 00:00:15]} 6... Bd6 {[%clk 01:29:30]  [%emt 00:00:39]}
7. Bxd6 {[%emt 00:05:56]} 7... Qxd6 {[%clk 01:29:54]  [%emt 00:00:05]} 8. Ne5 {
[%clk 01:26:16]  [%emt 00:00:05]} 8... O-O {[%clk 01:30:00]  [%emt 00:00:24]}
9. f4 {[%clk 01:25:51]  [%emt 00:00:55]} 9... Nbd7 {
[%clk 01:30:06]  [%emt 00:00:24]} 10. O-O {[%clk 01:25:11]  [%emt 00:01:10]}
10... Ne4 {[%clk 01:29:38]  [%emt 00:00:58]} 11. Bxe4 {
[%clk 01:24:24]  [%emt 00:01:17]} 11... dxe4 {[%clk 01:30:00]  [%emt 00:00:09]}
12. Kh1 {[%clk 01:21:54]  [%emt 00:02:59]} 12... Nf6 {
[%clk 01:30:02]  [%emt 00:00:28]} 13. Rg1 {[%clk 01:21:43]  [%emt 00:00:40]}
13... Bd7 {[%clk 01:29:34]  [%emt 00:00:59]} 14. g4 {
[%clk 01:21:46]  [%emt 00:00:27]} 14... Be8 {[%clk 01:29:06]  [%emt 00:00:59]}
15. Qe2 {[%clk 01:19:29]  [%emt 00:02:46]} 15... Kh8 {
[%clk 01:28:16]  [%emt 00:01:20]} 16. gxf5 {[%clk 01:15:37]  [%emt 00:04:23]}
16... exf5 {[%clk 01:28:42]  [%emt 00:00:04]} 17. Rg5 {
[%clk 01:15:47]  [%emt 00:00:19]} 17... Qe6 {[%clk 01:27:15]  [%emt 00:01:57]}
18. Rag1 {[%clk 01:14:50]  [%emt 00:01:27]} 18... Rg8 {
[%clk 01:27:29]  [%emt 00:00:16]} 19. Qg2 {[%clk 01:14:05]  [%emt 00:01:15]}
19... g6 {[%clk 01:26:58]  [%emt 00:01:01]} 20. Qh3 {
[%clk 01:13:33]  [%emt 00:01:02]} 20... Nd5 {[%clk 01:26:21]  [%emt 00:01:08]}
21. Nxe4 {[%clk 01:12:28]  [%emt 00:01:34]} 21... Nxe3 {
[%clk 01:25:33]  [%emt 00:01:19]} 22. Qxe3 {[%clk 01:11:29]  [%emt 00:01:28]}
22... fxe4 {[%clk 01:25:58]  [%emt 00:00:05]} 23. Qxe4 {
[%clk 01:11:23]  [%emt 00:00:35]} 23... Rd8 {[%clk 01:25:31]  [%emt 00:00:58]}
24. Nxg6+ {[%clk 01:10:57]  [%emt 00:00:55]} 24... Rxg6 {[%emt 00:01:14]} 25.
Qxe6 {[%emt 00:00:04]} 1-0